| 000 | 00557nam a2200181Ia 4500 | ||
|---|---|---|---|
| 008 | 151018s9999 xx 000 0 und d | ||
| 082 |
_bRBASDV21624 _a891.463 |
||
| 100 | _aचंद्रहास शेट्ये | ||
| 245 | _aअजेय | ||
| 250 | _b1 | ||
| 260 |
_bमनोरमा प्रकाशन मुंबई _c1989 |
||
| 300 | _a258 | ||
| 600 | _aचंद्रहास शेट्ये | ||
| 630 | _aअजेय | ||
| 700 | _aचंद्रहास शेट्ये | ||
| 730 | _aअजेय | ||
| 942 | _cBOOK | ||
| 999 |
_c1021304 _d1021301 |
||